| 000 | 00478nam a2200169 i 4500 | ||
|---|---|---|---|
| 001 | 96130 | ||
| 003 | ES-MaACL | ||
| 005 | 20230906181841.0 | ||
| 007 | t| | ||
| 008 | 050610s1964 sp ||||1| spa d | ||
| 100 | 1 |
_aMadariaga, Salvador de, _d1886-1978 _975292 |
|
| 245 | 1 | 0 |
_aRetrato de un hombre de pie / _cSalvador de Madariaga. |
| 260 |
_aBarcelona : _bEdhasa, _c1964. |
||
| 300 |
_a183 p. ; _c20 cm. |
||
| 852 |
_aES-MaACL _jF-9859 _bR.5546 |
||
| 999 |
_c96130 _d96130 |
||